Catálogo público

Reporte de la fase de campo del curso Introducción a la Agroindustria en los estados de Aguascalientes, Zacatecas, Guanajuato y Querétaro / (Record no. 177626)

MARC details
000 -CABECERA
campo de control de longitud fija 03374nam a2200541Ia 4500
001 - NÚMERO DE CONTROL
campo de control dia_7340
003 - IDENTIFICADOR DEL NÚMERO DE CONTROL
campo de control CHAP
005 - FECHA Y HORA DE LA ÚLTIMA TRANSACCIÓN
campo de control 20251126121107.0
007 - CAMPO FIJO DE DESCRIPCIÓN FÍSICA--INFORMACIÓN GENERAL
campo de control de longitud fija ta
008 - DATOS DE LONGITUD FIJA--INFORMACIÓN GENERAL
campo de control de longitud fija 220117s2018 mx abdof 001 0 spa d
040 ## - FUENTE DE LA CATALOGACIÓN
Centro/agencia transcriptor CHAP
Centro catalogador/agencia de origen mxchpua
090 ## - LOCALMENTE ASIGNADO TIPO-LC NÚMERO DE CLASIFICACIÓN (OCLC); NÚMERO DE CLASIFICACIÓN LOCAL (RLIN)
Número de clasificación (OCLC) (R) ; Numero de clasificación, CALL (RLIN) (NR) T.C.774
Número cutter local (OCLC) ; Número de libro/Signatura topográfica íntegra, CALL (RLIN) R49 IA
Año 2018
245 10 - MENCIÓN DE TÍTULO
Título Reporte de la fase de campo del curso Introducción a la Agroindustria en los estados de Aguascalientes, Zacatecas, Guanajuato y Querétaro /
Mención de responsabilidad, etc. coordinadora Diana América Reyna Izaguirre ; colaboradores Luis Gustavo Antonio Reyes...[y otros]
260 ## - PUBLICACIÓN, DISTRIBUCIÓN, ETC.
Lugar de publicación, distribución, etc. México :
Nombre del editor, distribuidor, etc. El autor,
Fecha de publicación, distribución, etc. 2018
300 ## - DESCRIPCIÓN FÍSICA
Extensión 455 páginas :
Otras características físicas ilustraciones, tablas, gráficas, fotos
336 ## - TIPO DE CONTENIDO
Fuente rdacontent
Término de tipo de contenido texto
Código de tipo de contenido txt
337 ## - TIPO DE MEDIO
Fuente rdamedia
Nombre/término del tipo de medio no mediado
Código del tipo de medio n
338 ## - TIPO DE SOPORTE
Fuente rdacarrier
Nombre/término del tipo de soporte volumen
Código del tipo de soporte cn
500 ## - NOTA GENERAL
Nota general Grado: 4° año Grupo: 02
502 ## - NOTA DE TESIS
Nota de tesis Viaje de Estudios
Tipo de título (IA) --
Nombre de la institución que otorga el título UACh. Departamento de Ingeniería Agroindustrial,
Año de obtención del título 2018
504 ## - NOTA DE BIBLIOGRAFÍA, ETC.
Nota de bibliografía, etc. Bibliografía: páginas 445-448
505 00 - NOTA DE CONTENIDO CON FORMATO
Nota de contenido con formato Empresas visitadas: --
Título 1.Viñedos La Redonda, S. P. R. de R. L. de C. V. -- <br/>2.Viñedos Azteca, S. A. de C. V. -- <br/>3.Finca Salva Vivé by freixenet México -- <br/>4.Vinos La Casona -- <br/>5.Valle Redondo, S. A. de C. V. -- <br/>6.Cremería Aguascalientes -- <br/>7.Quesos Panoamericanos -- <br/>8.Quesos el Frayle -- <br/>9.Quesos ricos La Puerta -- <br/>10.Flor de Calvillo -- <br/>11.Frigorizados La Huerta, S. A. de C. V. -- <br/>12.Frugar de Calvillo -- <br/>13.Cristalita, S. A. de C. V. -- <br/>14.Puro Zacatecas -- <br/>15.Tequilera Real de Penjamos, S. A. de C.V. -- <br/>16.Tequilera Corralejo, S. A. de C. V. -- <br/>17.Real de Jalpa, S. C. de R. L. de C. V. -- <br/>18.Maltosaa -- <br/>19.Grupo Modelo -- <br/>20.Del Rey Clusther -- <br/>21.Sociedad Coorperativa Trabajadores de Pascual -- <br/>22.Valle Redondo, S. A. de C. V. -- <br/>23.Monsato -- <br/>24.Grupo Bimbo, S. A. B. de C. V. -- <br/>25.Los Molinos de don Julio -- <br/>26.Chocolate Mayordomo -- <br/>27.Cava Casa Don Ramón -- <br/>28.Rancho el Tunillo -- <br/>29.La Esperanza -- <br/>30.Casa Mezcal Oro de Oaxaca -- <br/>31.Tortilleria La Espiga -- <br/>32.Producción de sotol artesanal en Mapimi DGO -- <br/>33.Rastro TOBEDA --<br/>34.TostadaS Karla ´s
650 13 - PUNTO DE ACCESO ADICIONAL DE MATERIA--TÉRMINO DE MATERIA
Término de materia o nombre geográfico como elemento de entrada Alcoholes etílicos
9 (RLIN) 148013
650 10 - PUNTO DE ACCESO ADICIONAL DE MATERIA--TÉRMINO DE MATERIA
Término de materia o nombre geográfico como elemento de entrada Frutos
Subdivisión general Industria y comercio
Subdivisión geográfica México
9 (RLIN) 153646
650 13 - PUNTO DE ACCESO ADICIONAL DE MATERIA--TÉRMINO DE MATERIA
Término de materia o nombre geográfico como elemento de entrada Granos de cereales
Subdivisión general Industria y comercio
9 (RLIN) 161721
Subdivisión geográfica México
650 10 - PUNTO DE ACCESO ADICIONAL DE MATERIA--TÉRMINO DE MATERIA
Término de materia o nombre geográfico como elemento de entrada Industria cervecera
Subdivisión geográfica México
9 (RLIN) 149284
650 10 - PUNTO DE ACCESO ADICIONAL DE MATERIA--TÉRMINO DE MATERIA
Término de materia o nombre geográfico como elemento de entrada Industria de jugos
Subdivisión geográfica México
9 (RLIN) 161722
650 10 - PUNTO DE ACCESO ADICIONAL DE MATERIA--TÉRMINO DE MATERIA
Término de materia o nombre geográfico como elemento de entrada Industria del vino
Subdivisión geográfica México
9 (RLIN) 149529
650 17 - PUNTO DE ACCESO ADICIONAL DE MATERIA--TÉRMINO DE MATERIA
Término de materia o nombre geográfico como elemento de entrada Industria lechera
Subdivisión geográfica México
9 (RLIN) 57847
650 10 - PUNTO DE ACCESO ADICIONAL DE MATERIA--TÉRMINO DE MATERIA
Término de materia o nombre geográfico como elemento de entrada Verduras
Subdivisión general Industria y comercio
Subdivisión geográfica México
9 (RLIN) 153648
650 13 - PUNTO DE ACCESO ADICIONAL DE MATERIA--TÉRMINO DE MATERIA
Término de materia o nombre geográfico como elemento de entrada Brewing industry
9 (RLIN) 161707
Subdivisión geográfica Mexico
650 13 - PUNTO DE ACCESO ADICIONAL DE MATERIA--TÉRMINO DE MATERIA
Término de materia o nombre geográfico como elemento de entrada Fruits
Subdivisión general Industry and trade
9 (RLIN) 150789
650 13 - PUNTO DE ACCESO ADICIONAL DE MATERIA--TÉRMINO DE MATERIA
Término de materia o nombre geográfico como elemento de entrada Dairy industry
9 (RLIN) 147068
650 13 - PUNTO DE ACCESO ADICIONAL DE MATERIA--TÉRMINO DE MATERIA
Término de materia o nombre geográfico como elemento de entrada Distilled spirits
9 (RLIN) 148015
650 10 - PUNTO DE ACCESO ADICIONAL DE MATERIA--TÉRMINO DE MATERIA
Término de materia o nombre geográfico como elemento de entrada Juice industry
Subdivisión geográfica Mexico
9 (RLIN) 161723
650 13 - PUNTO DE ACCESO ADICIONAL DE MATERIA--TÉRMINO DE MATERIA
Término de materia o nombre geográfico como elemento de entrada Small cereal grains
Subdivisión general Industry and trade
9 (RLIN) 161724
Subdivisión geográfica Mexico
650 13 - PUNTO DE ACCESO ADICIONAL DE MATERIA--TÉRMINO DE MATERIA
Término de materia o nombre geográfico como elemento de entrada Vegetables
Subdivisión general Industry and trade
9 (RLIN) 161715
Subdivisión geográfica Mexico
650 10 - PUNTO DE ACCESO ADICIONAL DE MATERIA--TÉRMINO DE MATERIA
Término de materia o nombre geográfico como elemento de entrada Wine industry
Subdivisión geográfica Mexico
9 (RLIN) 149531
700 1# - PUNTO DE ACCESO ADICIONAL--NOMBRE DE PERSONA
Nombre de persona Reyna Izaguirre, Diana América
Término indicativo de función/relación coordinadora
9 (RLIN) 147338
700 1# - PUNTO DE ACCESO ADICIONAL--NOMBRE DE PERSONA
Nombre de persona Antonio Reyes, Luis Gustavo
9 (RLIN) 161725
Término indicativo de función/relación colaborador
856 41 - LOCALIZACIÓN Y ACCESO ELECTRÓNICOS
Identificador Uniforme del Recurso <a href="http://10.13.5.2/ve/TC774_IA/TC774_IA_2018-REPORTE.pdf">http://10.13.5.2/ve/TC774_IA/TC774_IA_2018-REPORTE.pdf</a>
Texto de enlace DESCARGAR REPORTE
942 ## - ELEMENTOS DE PUNTO DE ACCESO ADICIONAL (KOHA)
Fuente del sistema de clasificación o colocación Clasificación Universidad Autónoma de Chapingo
650 17 - PUNTO DE ACCESO ADICIONAL DE MATERIA--TÉRMINO DE MATERIA
Fuente del encabezamiento o término
901 ## - ELEMENTOS DE DATOS A LOCAL LDA (RLIN)
a T.C.774 R49 IA 2018
902 ## - ELEMENTOS DE DATOS B LOCAL, LDB (RLIN)
a M
905 ## - ELEMENTOS DE DATOS E LOCAL, LDE (RLIN)
a 5232272018 mx nmdl8223123322spa16
942 ## - ELEMENTOS DE PUNTO DE ACCESO ADICIONAL (KOHA)
Tipo de ítem Koha Viaje de Estudios
Holdings
Estado de retiro Estado de pérdida Fuente del sistema de clasificación o colocación Estado dañado Restricciones de uso No para préstamo Código de colección Localización permanente Ubicación/localización actual Fecha de adquisición Fuente de adquisición Total de préstamos Signatura topográfica completa Código de barras Fecha visto por última vez Número de copia Tipo de ítem Koha Ubicación en estantería Precio válido a partir de
    Clasificación Universidad Autónoma de Chapingo   Préstamo interno   Viajes de Estudio Ingenieria Agroindustrial Ingenieria Agroindustrial 18/01/2022 El autor   T.C.774 R49 IA 2018 1106011969 18/01/2022 Ej.2 CD    
    Clasificación Universidad Autónoma de Chapingo   Préstamo interno   Viajes de Estudio Ingenieria Agroindustrial Ingenieria Agroindustrial 18/01/2022 El autor   T.C.774 R49 IA 2018 1106011968 26/01/2026 Ej.1 Viaje de Estudios    
    Clasificación Universidad Autónoma de Chapingo       Viajes de estudio - En línea Ingenieria Agroindustrial Ingenieria Agroindustrial 15/05/2024 El autor   T.C.774 R49 IA 2018 1206011968 15/05/2024   Viajes de Estudio - En línea En línea 15/05/2024